Văn hóa và kinh doanh

Wedi'i Gadw mewn:
Manylion Llyfryddiaeth
Prif Awdur: PHẠM VĂN NGHIÊM
Fformat: Llyfr
Iaith:Undetermined
Cyhoeddwyd: Hà Nội Lao Động 2001
Pynciau:
Tagiau: Ychwanegu Tag
Dim Tagiau, Byddwch y cyntaf i dagio'r cofnod hwn!
Thư viện lưu trữ: Trung tâm Học liệu Trường Đại học Cần Thơ
LEADER 00496nam a2200169Ia 4500
001 CTU_46586
008 210402s9999 xx 000 0 und d
082 |a 306 
082 |b Ngh304 
100 |a PHẠM VĂN NGHIÊM 
245 0 |a Văn hóa và kinh doanh 
245 0 |c PHẠM VĂN NGHIÊM, Trần Trúc Thanh, Vũ Hòa 
260 |a Hà Nội 
260 |b Lao Động 
260 |c 2001 
650 |a culture,sociology 
980 |a Trung tâm Học liệu Trường Đại học Cần Thơ